000 00637nam a22002177a 4500
003 UA-OsUOA
001 83282
007 ta
008 20120409b un ||||| |||| 00| 0 ukr d
100 _aДафнер Е.
090 _a330
_bД21
942 _cSA
040 _aUA-OsUOA
_brus
_cUA-OsUOA
_dUA-OsUOA
245 _aИпотечная система России и США: преемственность и отличия
300 _aС.36-44
955 _a0
041 _arus
080 _a330
773 0 _w83281
_tМеждународная экономика
_dМ.
_d2012
_g2
650 7 _a330 Економіка взагалі
_2UDC
999 _c369596
_d369596